Văn kiện Đảng toàn tập T.3 /

Các văn kiện Đảng do cấp trung ương ban hành từ thời kỳ hoạt động của các tổ chức tiền thân Đảng trở đi; Các tác phẩm quan trọng của Chủ tịch Hồ Chí Minh và các Tổng Bí thư về đường lối, chủ trương của Đảng trong các thời kỳ cách mạng....

詳細記述

保存先:
書誌詳細
団体著者: Đảng Cộng sản Việt Nam.
フォーマット: 図書
言語:Vietnamese
出版事項: Hà Nội : Chính trị quốc gia, 1998.
主題:
タグ: タグ追加
タグなし, このレコードへの初めてのタグを付けませんか!
Thư viện lưu trữ: Mạng thư viện Đại học Đà Nẵng
LEADER 01274cam a2200349 i 4500
001 000042337
003 211
005 20041029081324.0
008 010217b1998 vm 000 vie
022 |a T 
040 |a IRC  |c IRC  |d IRC 
041 0 |a vie 
082 1 4 |a 335.526  |b ĐAN 
110 2 |a Đảng Cộng sản Việt Nam. 
245 1 0 |a Văn kiện Đảng toàn tập  |n T.3 /  |c Đảng Cộng sản Việt Nam. 
260 |a Hà Nội :  |b Chính trị quốc gia,  |c 1998. 
300 |a 458 tr. ;  |c 22 cm. 
520 3 |a Các văn kiện Đảng do cấp trung ương ban hành từ thời kỳ hoạt động của các tổ chức tiền thân Đảng trở đi; Các tác phẩm quan trọng của Chủ tịch Hồ Chí Minh và các Tổng Bí thư về đường lối, chủ trương của Đảng trong các thời kỳ cách mạng. 
610 1 4 |a Đảng Cộng sản Việt Nam  |x Văn kiện. 
630 0 4 |a Văn kiện Đảng. 
630 0 4 |a Chính trị. 
650 0 4 |a Đảng Cộng sản Việt Nam  |x Văn kiện. 
OWN |a DUT 
999 |a From the UDN01 
TYP |a Monograph 
TYP |a Printed language 
980 |a Mạng thư viện Đại học Đà Nẵng